| 000 | 00427nam a2200157 i 4500 | ||
|---|---|---|---|
| 001 | 23843 | ||
| 003 | ES-MaACL | ||
| 007 | t| | ||
| 008 | 021212s1911 fr ||||1| fre d | ||
| 100 | 1 |
_aAndler, Charles. _921494 |
|
| 245 | 1 | 4 |
_aLes origines du socialisme d'etat en Allemagne / _cpar Charles Andler. |
| 250 | _a12e éd. | ||
| 260 |
_aParis : _bAlian, _c1911. |
||
| 300 |
_aVII, 505 p. ; _c23 cm. |
||
| 852 |
_aES-MaACL _jG-7171 |
||
| 999 |
_c23843 _d23843 |
||